00563 2200205 4500001002100000005001500021035002000036245009000056100001700146250000600163300003500169700001600204260003100220082001100251084001700262020002200279650002200301990001700323990001700340INLIS00000000000136820190928015154 a0010-09190000721 aPenutup Para Nabi dan Rosul :bNabi Muhammad SAW /cUmmu Khediza; Editor, Andriansyah0 aUmmu Khediza a- aii, 62 hlm. :bilus. ;c21 cm.0 aAndriansyah aJakarta :bErlangga,c2017 a297.63 a297.63 UMM p a978-602-252-986-6 aNabi Muhammad SAW a04720/P/2018 a04721/P/2018